KpH Corp. | 조선 - Statystyki

Ogólne statystyki
  • Ten quiz został rozwiązany 6 razy
  • Średni wynik to 62 z 80
Statystyki odpowiedzi
Pytanie Odpowiedź % Poprawnych
Często wysyłał ją zxcv Alesraka
100%
Ten model Porsche posiadał zarząd KpH Cayenne
100%
Wirus NSFW KpH Czekotubka
100%
Ulubiony YouTuber od grupy KpH Dawid Jasper
100%
Rurznuhe sztuczki w niecie DDoS
100%
Ulubione ubranie twórcy KpH Garnitur
100%
Ulubiony gatunek muzyczny w KpH HardBass
100%
Kraj KpH KRP
100%
Potocznie o słabym serwerze Pseudol
100%
Znak, którym oznaczano każdy projekt KpH Tm
100%
Spadł mu dysk z wrażenia po tym, jak wyrzygał paruwkę xyz1337
100%
Filip deklarował ostatecznie, że ma tyle lat 16
80%
Na tylu cudzych serwerach twórca KpH miał rangę moderacyjną/administracyjną 2
80%
Rok założenia poprzednika KpH 2022
80%
Rok założenia KpH 2023
80%
Tyle języków obcych uczy się aktualnie twórca KpH (poza angielskim) 3
80%
Serwis, który powstał po rozpadzie KpH i korzystał z niego tylko autor AudioBase
80%
Ulubiona przeglądarka internetowa twórcy KpH Brave
80%
Ulubiony pseudol do cheatowania od KpH Craftplay
80%
Bał się go Filip Ekspert
80%
Najgorszy pobugowany cheat FDP
80%
Największy łatwy developer krzaków Filip
80%
Były współwłaściciel KpH, napisał nieudanego clienta do niszczenia pseudoli Groszus
80%
Państwo, w którym dom miała kupić babcia Filipowi Hiszpania
80%
Narzędzie hakerskie za 3zł wydane przez KpH Hoerg
80%
Hosting przejęty przez KpH, z którym później współpracował twórca grupy HostujePlik
80%
W miarę normalny członek KpH, fan Counter-Strike kixxu1337
80%
Serwis, na którym KpH grali w Bedwars Kokscraft
80%
Dokończ nazwę mema: Groszus ... (puszka z żywnością) Konserwowy
80%
Wirus o Korei Północnej Koreańczyk
80%
Kraj, którym zafascynowany był/jest twórca KpH Korea Północna
80%
Dokończ zdanie: A ile masz płyt głównych które wspierają ... LGBT
80%
Miasto, w którym "inwestowali" członkowie KpH Londyn
80%
Sieć serwerów KpH, na której nigdy nikt nie zdążył zagrać MgPlay
80%
Serwis, na którym KpH grali w Skygen Minestar
80%
KpH sklonowało ten serwer MojeMc
80%
Telefony tej firmy zbierał twórca KpH Nokia
80%
Fake program "hakerski", który nic nie robił Nubsko
80%
Gra, która powstała po rozpadzie KpH, lecz wciąż była tak oznaczana Piano Tiles
80%
Prosił hosting Minecraft o pomoc z włamaniami Pikolo
80%
Prawie dziennie konsumował ją twórca KpH Pizza
80%
Twórca KpH preferuje go zamiast kurtki Płaszcz
80%
Nieudany client do niszczenia pseudoli od KpH Pseudolware
80%
Nazwa poprzednika KpH RHiP
80%
Miał go w ekranie xyz Robak
80%
Bypassował wheregoes Shortener
80%
Dokończ zdanie: Cały ekran mi się kreskuje, j****a ... Skokowirówka
80%
W oparciu o ten plugin powstała większość serwerów KpH Skript
80%
Zaprojektowała go Rada Psychoterapii KpH Test IQ
80%
Niezależny od KpH serwer/sieć serwerów, która osiągnęła 38 osób online, z twórcą KpH w zarządzie TPMC
80%
Klawiatury tej firmy miał twórca KpH Tracer
80%
Potocznie o zasilaczach Feel Uczucie
80%
Najcichsza osoba z KpH uys
80%
Język programowania, w którym powstała znaczna większość bezużytecznych i użytecznych projektów KpH Visual Basic
80%
Serwer KpH z trybem Anarchy W1MC
80%
Wirus o Whatsappie WhatsappDog
80%
Tego clienta najlepiej znał twórca KpH Wurst
80%
Szkoła KpH Zespuł Szkuł Informejtycznych
80%
Członkowie KpH założyli Groszusowi profil na randkopodobnym serwisie. Z jakiego kraju pochodził Groszus wg tego profilu? Afganistan
60%
Z tej strony twórca KpH zakupił myszkę za pieniądze z licencji na Hoerga, a ta rozpadła się w drodze Aliexpress
60%
Ten tryb gry w Minecraft został stworzony w Skripcie po rozpadzie KpH Bedwars
60%
Serwis, na którym przez lukę w zabezpieczeniach dało się hostować darmowe strony internetowe Bin
60%
Klon radzieckiej konsolki wydany przez KpH dh.exe
60%
Serwis zamieniający układy klawiatury stworzony przez KpH i oferowany w Hoergu, dodatkowo płatny Entoru
60%
Ulubiona seria smartfonów twórcy KpH (Samsung) Galaxy Z Fold
60%
Generator unikalnych obrazów zaprojektowany przez KpH GeneratorNieba
60%
W oparciu o jaką grę powstał mem "Polish Alphabet - Extreme Demon" Geometry Dash
60%
Pierwszy pseudol zniszczony dawno przed założeniem poprzednika KpH HcmcNetwork
60%
Tak mógł nazywać się Hoerg, gdyby twórca KpH nie zmienił zdania Hwaelh
60%
Nazwa najnowszego, niedziałającego w pełni szczura KpH, nad którym prace "trwały" pół roku i nigdy nie zostały zakończone KałużnyLoader
60%
Mem, który odtworzył xyz i twórca KpH Kontakt mi się urwał
60%
Jeden z generatorów obrazów KpH LightshotGen
60%
Na tych zegarkach zna się twórca KpH Moranbong
60%
Serwis z wiadomościami News
60%
Dokończ nazwę mema: NGINX & ... NGROK
60%
Nazwa pierwszego szczura KpH RemoteVBS
60%
W tym języku powstał pierwszy Hoerg w czerwcu 2022 Rosyjski
60%
Serwis muzyczny działający na dawnej, oryginalnej stronie KpH działał w oparciu o WebAMP
60%
Potocznie o xyz1337 zysk1337
60%
Pierwsza nazwa Hoerga (zlatynizowana) Khakerskiy instrument
40%
Nie znaleziono quizów pasujących do podanych kryteriów
Rozkład punktacji
Procent ludzi z każdym wynikiem
Percentyl według liczby udzielonych odpowiedzi
Twoja historia wyników
Nie rozwiązałeś tego quizu